Cytochrome - P450
Lịch sử nghiên cứu Cytochrome - P450, đặc điểm cấu tạo, cơ chế phản ứng của Cytochrome - P450 và những ứng dụng của Cytochrome - P450.
Đã lưu trong:
| Tác giả chính: | |
|---|---|
| Định dạng: | Sách |
| Ngôn ngữ: | Undetermined |
| Được phát hành: |
Hà Nội
Khoa học Tự nhiên và Công nghệ
2011
|
| Những chủ đề: | |
| Các nhãn: |
Thêm thẻ
Không có thẻ, Là người đầu tiên thẻ bản ghi này!
|
| Thư viện lưu trữ: | Trung tâm Học liệu Trường Đại học Cần Thơ |
|---|
| LEADER | 00807nam a2200205Ia 4500 | ||
|---|---|---|---|
| 001 | CTU_170064 | ||
| 008 | 210402s9999 xx 000 0 und d | ||
| 020 | |c 85000 | ||
| 082 | |a 572.7 | ||
| 082 | |b D108 | ||
| 100 | |a Nguyễn, Thị Ngọc Dao | ||
| 245 | 0 | |a Cytochrome - P450 | |
| 245 | 0 | |c Nguyễn Thị Ngọc Dao | |
| 260 | |a Hà Nội | ||
| 260 | |b Khoa học Tự nhiên và Công nghệ | ||
| 260 | |c 2011 | ||
| 520 | |a Lịch sử nghiên cứu Cytochrome - P450, đặc điểm cấu tạo, cơ chế phản ứng của Cytochrome - P450 và những ứng dụng của Cytochrome - P450. | ||
| 650 | |a Biochemistry,Chất Cytochromes,Hóa sinh học,Cytochromes | ||
| 904 | |i Cẩm Ý, Năm | ||
| 980 | |a Trung tâm Học liệu Trường Đại học Cần Thơ | ||